The twelve Christ chose. (Record no. 5126)

000 -LEADER
fixed length control field 00527nam a2200181 a 4500
001 - CONTROL NUMBER
control field :::00002867$&:&@@
003 - CONTROL NUMBER IDENTIFIER
control field OkBaRHE
005 - DATE AND TIME OF LATEST TRANSACTION
control field 20000607103257.0
008 - FIXED-LENGTH DATA ELEMENTS--GENERAL INFORMATION
fixed length control field s1958 j 000 0 eng u
040 ## - CATALOGING SOURCE
Transcribing agency
100 1# - MAIN ENTRY--PERSONAL NAME
Personal name Smith, Asbury.
245 14 - TITLE STATEMENT
Title The twelve Christ chose.
260 ## - PUBLICATION, DISTRIBUTION, ETC. (IMPRINT)
Place of publication, distribution, etc New York, NY., :
Name of publisher, distributor, etc Harper & Brothers
Date of publication, distribution, etc 1958
300 ## - PHYSICAL DESCRIPTION
Extent 178 p. : illus. ;
Dimensions 21 cm.
650 ## - SUBJECT ADDED ENTRY--TOPICAL TERM
Topical term or geographic name as entry element Apostles
942 ## - ADDED ENTRY ELEMENTS (KOHA)
Source of classification or shelving scheme
Koha item type Books
Copies
Permanent Location Not for loan Date last seen Full call number Source of classification or shelving scheme Damaged status Withdrawn status Koha item type Lost status Shelving location Copy number Date acquired Price effective from Barcode
RHEMA Bible Training College 2018-03-16BS 2440 .S53   Books General Stacks12010-04-142010-04-142867